000 00501nam a22001697a 4500
005 20251108173224.0
008 250721s2005 xx 000 0 ara d
082 1 4 _a638.1/رما
100 1 _aرمال، حسين
245 1 0 _aموسوعة تربية النحل وكيفية معالجتها /
264 1 _aبيروت :
_bمنشورات دار اليوسف،
_c2005.
300 _a341ص
650 1 7 _aتربية النحل
650 1 7 _aنحل العسل
942 _2ddc
_cBK
999 _c98896
_d98896